000 00558cam a2200181 4500
001 2760
005 20181127165747.0
008 010402s2002 nju b 001 0 eng
010 _a 2001035076
020 _a0130287717 (pbk.)
100 1 _aJones, Melinda,
_d1960-
245 1 0 _aSocial psychology of prejudice /
_cMelinda Jones.
260 _aUpper Saddle River, NJ :
_bPrentice Hall,
_cc2002.
300 _axi, 228 p. ;
_c24 cm.
504 _aIncludes bibliographical references (p. 190-220) and index.
650 0 _aPrejudices.
650 0 _aSocial psychology.
999 _c2216
_d2216